000 00477cam a2200181ua 4500
020 _c2.20
041 _aeng
_h
082 _a822
_bSET/EN
100 _aSethuraman, V S .
245 _aENCORE five one act plays for college classes /
_cV S Sethuraman.
_hTextual Documents
260 _aLondon :
_bMacMillan and Company Limited ,
_c1968.
300 _a131 ; .
365 _a2.20
504 _a
700 1 _aVasudevan, S A .
942 _cBK
999 _c12548
_d12548